=LDR 00000nam 2200000 4500 =001 INLIS000000000005899 =005 20130612094103 =008 ***********************************Ind** =035 ##$$0010-061300000005899 =041 ##$$a Ind =082 ##$$a 220 =090 ##$$a 220; Slo m =100 ##$$a SLOYAN, Gerald S =245 ##$$a Membaca kitab suci, Gerald S. Sloyan. -- =260 ##$$a 1994 $b Yogyakarta =300 ##$$a 74 hlm, 21 cm =650 ##$$a Alkitab - Membaca =850 ##$$a NBPNMAT